000 01730nam0a2200349 4500
001 RU\NLR\bibl\1206
005 20260406030805.0
010 _a5-88594-065-7
_910000
021 _aRU
_b97-45285
_91940
035 _a(NLR Aleph) 000001137
090 _a1759
_c1759
100 _a19980520d1996 |||y0rusy50 ca
101 0 _arus
102 _aRU
105 _a|||||||||||||
200 1 _aНезаконная планета
_e[Сб.]
_fЕвгений Войскунский, Исай Лукодьянов
_g[Худож. И.Тибилова]
210 _aМ.
_cСопричастность
_aРостов н/Д
_cФеникс
_d1996
215 _a429 с.
_cил.
_d21
225 1 _aИзбр. рос. фантастика
327 1 _aСодерж.: Незаконная планета: Роман / Е. Войскунский, И. Лукодьянов. Химера: Повесть / Е. Войскунский
461 0 _12001#$aИзбранная российская фантастика
_tИзбранная российская фантастика
464 0 _12001#$aХимера$eПовесть
_1700#1$aВойскунский$bЕ.$3RU\NLR\auth\771008$f1922-$gЕвгений$4070
_tХимера
_aВойскунский, Евгений (1922-)
686 _aШ6(2=Р)75-445
700 1 _4070
_8rus
_7ca
_aВойскунский
_bЕ.Л.
_f1922-
_gЕвгений Львович
_3RU\NLR\auth\771008
_9111043
701 1 _4070
_8rus
_7ca
_aЛукодьянов
_bИ. Б.
_f1913-1984
_gИсай Борисович
_3RU\NLR\AUTH\771009
_9111044
801 0 _aRU
_bNLR
_c19980520
_gPSBO
801 1 _aRU
_bNLR
_c19980520
852 _aNLR
_j98-3/282
942 _cBOOK
980 _aNB